000 00386 a2200145 4500
020 _a0007154879
082 _a823.912
090 _c978
_d978
100 _aChristie, Agatha.
245 _aThe Hound of Death
_cAgatha Christie
260 _aLondon:
_bHarper Collins Publishers,
_c1933.
300 _a344 p. ;
_c19 cm.
650 _aDetective and mystery stories, English.
942 _cBK
999 _c481780
_d481780